000 00285nam a22001337a 4500
008 170721b xxu||||| |||| 00| 0 eng d
020 _a9780072133646
041 _aeng
080 _a004
100 _a29
101 _aSHKI
245 _aFRONTPAGE 2002
_cPLOTKIN, D
942 _2udc
_cBK
999 _c21770
_d21770